000 00446nam a22001577a 4500
005 20251108164350.0
008 250721s2012 xx 000 0 ara d
082 1 4 _a150.1/غري
100 1 _aغريب، أيمن عواد
245 1 0 _aمبادئ علم النفس /
264 1 _aعمان :
_bدار تسنيم للنشر و التوزيع،
_c2012.
300 _a290ص.
650 1 7 _aعلم النفس
942 _2ddc
_cBK
999 _c10360
_d10360